| 000 | 01385nam0a2200337 i 4500 | ||
|---|---|---|---|
| 001 | RU\NLR\bibl\1957321 | ||
| 005 | 20240726072117.0 | ||
| 010 |
_a9785790412103 _9100 |
||
| 021 |
_aRU _b2012-70968 |
||
| 035 | _a(nilc)RSL-KNO-005502138 | ||
| 035 | _a(NLR Aleph) 001946392 | ||
| 090 |
_a3635278 _c3635278 |
||
| 100 | _a20120920d2012 u y0rusy50 ca | ||
| 101 | 0 | _arus | |
| 102 | _aRU | ||
| 105 | _ay zzzz||||| | ||
| 200 | 1 |
_aЭпоха _e[статьи, эссе, стихи, эпиграммы, смысловые инверсии, словотолкования, фразы, афоризмы] _fНаум Вольпе |
|
| 210 |
_aБарнаул _cИзд-во Алтайского гос. ун-та _d2012 |
||
| 215 |
_a102, [1] с. _d21 |
||
| 327 | 1 | _aСодерж.: Разделы: Статьи, эссе; Стихи; Большая Сибирь - моя малая родина; Эпиграммы; Смысловые инверсии, словотолкования, фразы, афоризмы | |
| 686 |
_aШ5(2=Р)75-6я44 _2rubbk |
||
| 686 |
_aЩ03(2Ук)7-8я44 _2rubbk |
||
| 686 | _aШ6(2=Р)8я44 | ||
| 700 | 1 |
_aВольпе _bН. Я. _gНаум Яковлевич _4070 |
|
| 801 | 0 |
_aRU _bRuMoRKP _c20120920 _grcr |
|
| 801 | 1 |
_aRU _bРГБ _c20120920 |
|
| 801 | 2 |
_aRU _bNLR _c20121018 _grcr |
|
| 942 | _cBOOK | ||
| 980 | _aNBR | ||